000
00372nam a2200181Ia 4500
003
OSt
005
20220923224454.0
006
a|||||r|||| 00| 0
007
ta
008
Pun
024
_a
234,939
037
_c
Textual
040
_a
ARTS
_c
ARTS
_b
Pun
041
_2
Pun
_a
Pun
245
0
_a
ਦਪਦਿਪਿਤਿਦ
942
_c
TEXL
_2
CC
999
_c
371659
_d
371659